| 000 | 01512cam a2200361 i 4500 | ||
|---|---|---|---|
| 001 | 200465040 | ||
| 003 | TR-AnTOB | ||
| 005 | 20251121120020.0 | ||
| 007 | ta | ||
| 008 | 250813s2014 tu b 010 0 tur d | ||
| 022 | _213036556 | ||
| 040 |
_aTR-AnTOB _beng _erda _cTR-AnTOB |
||
| 041 | 0 | _atur | |
| 050 | 1 | 0 |
_aKKX74 _b.Y3633 2014 |
| 090 |
_aKKX74 _b.Y3633 2014 |
||
| 110 | 2 |
_aGalatasaray Üniversitesi. _bHukuk Fakültesi _994107 |
|
| 245 | 1 | 0 |
_aGalatasaray Üniversitesi Hukuk Fakültesi dergisi : _bDoç. Dr. Melike Batur Yamaner'in anısına armağan / _cGalatasaray Üniversitesi Hukuk Fakültesi. |
| 264 | 1 |
_aAnkara : _bGalatasaray Üniversitesi Hukuk Fakültesi, _c2014. |
|
| 300 |
_avolumes ; _c24 cm |
||
| 336 |
_atext _btxt _2rdacontent |
||
| 337 |
_aunmediated _bn _2rdamedia |
||
| 338 |
_avolume _bnc _2rdacarrier |
||
| 490 | 0 |
_aGalatasaray Üniversitesi Yayını No : _v79-80 _aGalatasaray Üniversitesi Hukuk Fakültesi No : _v58-59 |
|
| 500 | _a"Galatasaray Üniversitesi Hukuk Fakültesi Dergisi Cilt:1-2 Özel Sayı 2014" | ||
| 600 | 1 | 0 |
_aYamaner Batur, Melike _9149733 |
| 650 | 0 |
_aHukukçular _zTürkiye _9120360 |
|
| 650 | 7 |
_aHukukçular _2etuturkob _9120692 |
|
| 710 | 2 |
_aGalatasaray Üniversitesi. _bHukuk Fakültesi _994107 |
|
| 856 |
_uhttps://dosya.gsu.edu.tr/Docs/HukukFakultesi/TR/FakulteDergisi/GUHFD-2014_1.pdf _zvolume 1 |
||
| 856 |
_uhttp://dosya.gsu.edu.tr/docs/hukukfakultesi/tr/fakultedergisi/guhfd-2014_2.pdf _zvolume 2 |
||
| 942 |
_2lcc _cBK |
||
| 999 |
_c200465040 _d83252 |
||